Teaching and Assessing Skills in Business Studies (Record no. 3904)

MARC details
005 - DATE AND TIME OF LATEST TRANSACTION
control field 20250612165444.0
020 ## - INTERNATIONAL STANDARD BOOK NUMBER
International Standard Book Number 978-0-521-54366-8
100 ## - MAIN ENTRY--PERSONAL NAME
Author name BORRINGTON, K
245 ## - TITLE STATEMENT
Title Teaching and Assessing Skills in Business Studies
260 ## - PUBLICATION, DISTRIBUTION, ETC.
Place of publication, distribution, etc. Cambridge
Name of publisher, distributor, etc. University Cambridge
Date of publication, distribution, etc. 2004
300 ## - PHYSICAL DESCRIPTION
Extent iv,106p.: ill; Chart, Graph, Table
Other physical details Index
Dimensions 23cm
942 ## - ADDED ENTRY ELEMENTS (KOHA)
Source of classification or shelving scheme Dewey Decimal Classification
Koha item type Books
Holdings
Date last seen Total checkouts Full call number Barcode Cost, replacement price Price effective from Koha item type Lost status Source of classification or shelving scheme Damaged status Not for loan Withdrawn status Home library Current library Shelving location Date acquired Source of acquisition Cost, normal purchase price
06/12/2025   650 BOR MBY00068 152925.00 06/12/2025 Books   Dewey Decimal Classification       CBE MBEYA CBE MBEYA Special Reserve Collection 06/12/2025 Purchase 50975.00
06/12/2025   650 BOR MBY00067 152925.00 06/12/2025 Books   Dewey Decimal Classification       CBE MBEYA CBE MBEYA Special Reserve Collection 08/21/2017 Purchase 50975.00